| 000 | 01596nam2a22002651 4500 | ||
|---|---|---|---|
| 001 | RU\NLR\INFOCOMM4\1000576076 | ||
| 005 | 20250617110042.0 | ||
| 035 | _a(NLR Aleph) 002560812 | ||
| 090 |
_a3102628 _c3102628 |
||
| 100 | _a20040519d1959 |||y0rusy50 ca | ||
| 101 | 0 | _arus | |
| 102 | _aRU | ||
| 105 | _ay ||||||||| | ||
| 200 | 1 |
_aРазработка универсального метода денситометрии цветофотографических материалов _fЛ. К. Крупенин, Г. С. Баранов _gЛаборатория фотовоспроизведения. Тема №11 плана НИР 1959 года: "Разработка системы сенситометрии цветных и черно-белых кинофотоматериалов" |
|
| 210 |
_d1959 _aБ. м. |
||
| 461 | 0 |
_1001RU\NLR\INFOCOMM4\1000576061 _12001#$aНаучно-технический отчет$fМ-во культуры СССР. Всесоюз. науч.-исслед. кино-фото ин-т НИКФИ$vВып.228 _93102519 _aНаучно-исследовательский кино-фото институт (Москва) _cМ. _d1957-1963 _fМ-во культуры СССР. Всесоюз. науч.-исслед. кино-фото ин-т НИКФИ _tНаучно-технический отчет _vВып.228 |
|
| 700 | 1 |
_aКрупенин _bЛ. К. _4070 |
|
| 701 | 1 |
_aБаранов _bГ. С. _4070 |
|
| 801 | 1 |
_aRU _bInfoComm _c20040519 |
|
| 801 | 0 |
_aRU _bNLR _gPSBO |
|
| 852 |
_aNLR _jП11/1278 |
||
| 942 | _cISSUE | ||
| 980 | _aNB | ||
| 980 | _aRUSPER | ||